Cobro de sangre / (Registro nro. 6433)
[ vista simple ]
| 000 -LEADER | |
|---|---|
| fixed length control field | 01287nam a22002897a 4500 |
| 003 - CONTROL NUMBER IDENTIFIER | |
| control field | OSt |
| 005 - DATE AND TIME OF LATEST TRANSACTION | |
| control field | 20250416092615.0 |
| 008 - FIXED-LENGTH DATA ELEMENTS--GENERAL INFORMATION | |
| fixed length control field | 200204s2012 ck ||||er|||| 00| f spa d |
| 020 ## - INTERNATIONAL STANDARD BOOK NUMBER | |
| International Standard Book Number | 9789584231604 |
| 040 ## - CATALOGING SOURCE | |
| Original cataloging agency | CO-JMCR |
| Transcribing agency | CO-JMCR |
| 041 0# - LANGUAGE CODE | |
| Language code of text/sound track or separate title | spa |
| 082 ## - DEWEY DECIMAL CLASSIFICATION NUMBER | |
| Classification number | A-N |
| Item number | MENc1 |
| 100 1# - MAIN ENTRY--PERSONAL NAME | |
| Personal name | Mendoza, Mario, |
| Relator term | autor |
| 9 (RLIN) | 172 |
| 245 10 - TITLE STATEMENT | |
| Title | Cobro de sangre / |
| Statement of responsibility, etc. | Mario Mendoza |
| 260 ## - PUBLICATION, DISTRIBUTION, ETC. | |
| Place of publication, distribution, etc. | Bogotá : |
| Name of publisher, distributor, etc. | Planeta, |
| Date of publication, distribution, etc. | @2012 |
| 300 ## - PHYSICAL DESCRIPTION | |
| Extent | 333 páginas ; |
| Dimensions | 19 cm. |
| 490 0# - SERIES STATEMENT | |
| Series statement | Planeta contemporaneo. Planeta lector |
| 500 ## - GENERAL NOTE | |
| General note | Incluye datos biográficos del autor. |
| 505 0# - FORMATTED CONTENTS NOTE | |
| Formatted contents note | Un niño escondido en la oscuridad -- El terrorista -- El atentado -- Una víctima inesperada -- Efraín Espitia -- Un mapa sensorial -- Prisionero 212 -- El vagabundo -- El mar y el desierto |
| 520 ## - SUMMARY, ETC. | |
| Summary, etc. | Samuel Sotomayor tiene una deuda pendiente: sus padres fueron asesinados y él debe encontrar a los homicidas.<br/>Al lograr su venganza, en la que involucra a más de un amigo, comprenderá que ésta carece de sentido y que, en lugar de hallar sosiego, podrá perder hasta su vida. |
| 650 14 - SUBJECT ADDED ENTRY--TOPICAL TERM | |
| Topical term or geographic name entry element | Novela colombiana |
| 9 (RLIN) | 25 |
| 650 14 - SUBJECT ADDED ENTRY--TOPICAL TERM | |
| Topical term or geographic name entry element | Violencia política |
| General subdivision | novela |
| Geographic subdivision | Colombia |
| 9 (RLIN) | 173 |
| 650 14 - SUBJECT ADDED ENTRY--TOPICAL TERM | |
| Topical term or geographic name entry element | Venganza |
| General subdivision | novela |
| 9 (RLIN) | 174 |
| 650 14 - SUBJECT ADDED ENTRY--TOPICAL TERM | |
| Topical term or geographic name entry element | Homicidio |
| General subdivision | novela |
| 9 (RLIN) | 174 |
| 650 14 - SUBJECT ADDED ENTRY--TOPICAL TERM | |
| Topical term or geographic name entry element | Muerte |
| General subdivision | novela |
| 9 (RLIN) | 174 |
| 942 ## - ADDED ENTRY ELEMENTS (KOHA) | |
| Source of classification or shelving scheme | Dewey Decimal Classification |
| Koha item type | Books |
| Withdrawn status | Lost status | Source of classification or shelving scheme | Damaged status | Not for loan | Collection code | Home library | Current library | Shelving location | Date acquired | Source of acquisition | Cost, normal purchase price | Total Checkouts | Total Renewals | Full call number | Barcode | Date last seen | Date last checked out | Copy number | Price effective from | Koha item type |
|---|---|---|---|---|---|---|---|---|---|---|---|---|---|---|---|---|---|---|---|---|
| Dewey Decimal Classification | Fiction | Biblioteca Pública José María del Castillo y Rada | Biblioteca Pública José María del Castillo y Rada | Processing Center | 12/19/2019 | Donación | 0.00 | 24 | 18 | A-N MENc1 | 201809670 | 07/21/2025 | 06/13/2025 | Ej.1 | 02/04/2020 | Books |